| 000 | 00814nam a2200229Ii 4500 | ||
|---|---|---|---|
| 003 | JO-AjNU | ||
| 008 | 230605s9999||||xx |||||||||||||| ||und|| | ||
| 017 | _a1999/12/2217 | ||
| 020 | _a9957-402-62-8 | ||
| 040 |
_aJO-AjNU _bara _erda _cJO-AjNU |
||
| 041 | _aara | ||
| 050 | 1 | 4 | _aHF5655.A7.A5276 2008 |
| 100 | 3 |
_aتأليف: العناتي، رضوان محمد , _eauthor _930080 |
|
| 245 | 0 | 0 | _aمبادىء المحاسبة وتطبيقاتها، ج2 |
| 250 | _aط7 مزيدة ومنقحة | ||
| 264 | 3 | 1 | _aعمان: دار صفاء للنشر والتوزيع، 2008 |
| 300 |
_aج2 ،280ص _bيحتوي على ببلوغرافية من ص279-280 ص |
||
| 336 |
_atext _btxt _2rdacontent |
||
| 337 |
_aunmediated _bn _2rdamedia |
||
| 338 |
_avolume _bnc _2rdacarrier |
||
| 650 | 4 |
_aالمحاسبة _930081 |
|
| 999 |
_aA11882 _c15450 _d15450 |
||